| 000 | 00827nam a2200217 a 4500 | ||
|---|---|---|---|
| 001 | 000029170 | ||
| 003 | OSt | ||
| 005 | 20210205103813.0 | ||
| 008 | 110414s1927 dr ac r 000 0 spa d | ||
| 040 |
_aDO-SdBNP _bspa _cBNPHU |
||
| 082 | 4 |
_a630.7 _bR462c |
|
| 110 | 1 |
_aRepública Dominicana. _bColegio de Agricultura. _956088 |
|
| 245 | 1 | 0 |
_aInvestidura de los primeros bachilleres en ciencias agrícolas 1927 / _ceditor Virgilio Montalvo Cabral. |
| 260 |
_aSanto Domingo : _bSecretaría de Estado de Agricultura e Inmigración, _c1927. |
||
| 300 |
_a47 p. : _bil., retrs. ; _c23 cm. |
||
| 500 | _aA la cabeza del titulo: Colegio de Agricultura | ||
| 590 | _aInventariado, 2018/LP | ||
| 650 | 4 |
_aAgricultura _xEnseñanza _zRepública Dominicana _977157 |
|
| 700 | 1 |
_aMontalvo Cabral, Virgilio, _eed. _956089 |
|
| 942 |
_2ddc _cLBS1 |
||
| 999 |
_c28662 _d28662 |
||